המדינות הקרובות ביותר לישראל | Countries Closest to Israel in Hebrew - Statistics

General Stats
  • This quiz has been taken 33 times
  • The average score is 14 of 19
Answer Stats
מיילים מדינה ק"מ % Correct
0 ירדן 0
100%
0 סוריה 0
100%
0 לבנון 0
96%
0 מצרים 0
96%
142 קפריסין 228
96%
181 עירק 291
92%
449 יוון 723
88%
563 אירן 906
88%
177 טורקיה 285
84%
10 ערב הסעודית 16
80%
518 לוב 834
72%
657 גאורגיה 1057
64%
651 ארמניה 1047
60%
518 סודן 833
56%
672 אזרבייג'ן 1082
48%
726 בולגריה 1169
48%
679 כווית 1093
44%
738 רוסיה 1188
36%
816 רומניה 1314
36%
No matching quizzes found
Score Distribution
Percent of People with Each Score
Percentile by Number Answered
Your Score History
You have not taken this quiz